Goldmann, Klaus: Die Geriation chronologischer Leitfunde der Bronzereif Europas. Berliner Beiträge zur Vor- und Frühgeschichte. Neue Folge. Band 1

Bibliographic Details
Main Author: Furmánek, Václav, 1942- (Author)
Format: Article
Language:Slovak
Subjects:

MARC

LEADER 00000nab a2200000 a 4500
001 vtls000117704
003 SK-MaSNL
005 20260304060218.0
008 250422c1981 xo 0 slo
015 |a SNBRB19rr/mm-uuuuu 
035 |a CL0127809 
035 |a urn:nbn:sk:snk-aba6b6 
035 |a (urnnbn)urn:nbn:sk:snk:ar-a09hzu 
035 |a (uuid)93065b7a-fcee-4565-93ea-c61678a4ce7f 
040 |a SNKBUCL  |b slo  |c SNKBUCL  |e AACR2 
041 0 |a slo 
044 |a xo  |c SK 
080 |a 903  |2 1981 
080 |a 936  |2 1981 
100 1 |a Furmánek, Václav,  |d 1942-  |4 aut  |9 104723 
245 1 0 |a Goldmann, Klaus: Die Geriation chronologischer Leitfunde der Bronzereif Europas. Berliner Beiträge zur Vor- und Frühgeschichte. Neue Folge. Band 1  |c Václav Furmánek 
650 0 7 |a doba bronzová  |2 snkbucl  |9 79087 
651 7 |a Európa  |2 snkbucl  |9 167569 
655 7 |a články z novín a časopisov  |2 snkbucl  |9 267496 
773 0 |t Slovenská archeológia  |g Roč. 29, č. 2 (1981), s. 467-469 
787 0 8 |i Rec.:  |a Goldmann, Klaus  |t Die Geriation chronologischer Leitfunde der Bronzezeit Europas. Berliner Beiträge zur Vor- und Frühgeschichte  |d Neue Folge. Band 1. : Berlin, 1979 
850 |a Slovenská národná knižnica 
852 |a Slovenská národná knižnica 
954 |a odborná, vedecká literatúra pôvodná (slovenská)  |2 lita 
958 |a article13 
958 |a RK 
958 |a OND 
958 |a EUIPO 
992 |a RBX 
999 |c 2727765  |d 2729695